000 00588cam a2200181 a 4500
020 _a0070030006 (alk. paper)
040 _cDLC
082 0 0 _a364 HIL 1997 A074 Or.
100 1 _aBachman, Ronet.
245 1 0 _aStatistical methods for criminology and criminal justice /
260 _aNew York :
_bMcGraw-Hill,
_cc1997.
300 _axv, 704 p. :
_bill. ;
_c25 cm.
650 0 _aCriminal statistics.
700 1 _aPaternoster, Raymond.
856 4 2 _uhttp://www.loc.gov/catdir/description/mh022/96022514.html
856 4 1 _uhttp://www.loc.gov/catdir/toc/mh022/96022514.html
942 _cEK
999 _c15209
_d15209